书目信息 |
| 题名: |
足球传球技术图解
|
|
| 作者: | 陈惠民 , 罗峰 编著 | |
| 分册: | ||
| 出版信息: | 北京 北京体育大学出版社 2004 |
|
| 页数: | 170页 | |
| 开本: | 20cm | |
| 丛书名: | 运动技术图解丛书 | |
| 单 册: | ||
| 中图分类: | G843.19 | |
| 科图分类: | ||
| 主题词: | 足球运动--传球--运动技术 | |
| 电子资源: | ||
| ISBN: | 7-81100-126-8 | |
| 000 | 00858oam2 2200253 45 | |
| 001 | 002684352 | |
| 005 | 20050111082433.7 | |
| 010 | @a7-81100-126-8@dCNY16.00 | |
| 100 | @a20040719d2004 em y0chiy0110 ea | |
| 101 | 0 | @achi |
| 102 | @aCN@b110000 | |
| 105 | @aa z 000yy | |
| 200 | 1 | @a足球传球技术图解@Azu qiu chuan qiu ji shu tu jie@f陈惠民,罗峰编著@FChen Hui Min,Luo Feng Bian Zhu |
| 210 | @a北京@c北京体育大学出版社@d2004 | |
| 215 | @a170页@c图@d20cm | |
| 225 | 2 | @a运动技术图解丛书 |
| 330 | @a本书介绍了足球传球的技术要点。书中内容包括基本传球技术、传球技巧与训练、传球技术实战应用、跑位接应、创造和利用空间等六部分。 | |
| 410 | @12001 @a运动技术图解丛书 | |
| 606 | 0 | @a足球运动@x传球@x运动技术 |
| 690 | @aG843.19@v4 | |
| 701 | 0 | @a陈惠民@4编著 |
| 701 | 0 | @a罗峰@4编著 |
| 801 | 0 | @aCN@bNLC@c20040826 |
| 905 | @b342392-396@dG843.19@e180@f5 | |
| 足球传球技术图解/陈惠民,罗峰编著.-北京:北京体育大学出版社,2004 |
| 170页:图;20cm.-(运动技术图解丛书) |
| ISBN 7-81100-126-8:CNY16.00 |
| 本书介绍了足球传球的技术要点。书中内容包括基本传球技术、传球技巧与训练、传球技术实战应用、跑位接应、创造和利用空间等六部分。 |
| ● |
| 相关链接 |
|
|
|
|
正题名:足球传球技术图解
索取号:G843.19/180
 
预约/预借
| 序号 | 登录号 | 条形码 | 馆藏地/架位号 | 状态 | 备注 |
| 1 | 0342392 | 203423928 | 第一样本阅览室/ [索取号:G843.19/180] | 在馆 | |
| 2 | 0342393 | 203423937 | 第四借阅区/ [索取号:G843.19/180] | 在馆 | |
| 3 | 0342394 | 203423946 | 第四借阅区/ [索取号:G843.19/180] | 在馆 | |
| 4 | 0342395 | 203423955 | 第四借阅区/ [索取号:G843.19/180] | 在馆 | |
| 5 | 0342396 | 203423964 | 第四借阅区/ [索取号:G843.19/180] | 在馆 |